Hydraulics (Thủy lực học) /

Uloženo v:
Podrobná bibliografie
Hlavní autor: Th Ocker
Médium: Kniha
Jazyk:Vietnamese
Vydáno: Denkendorf : Festo Didactic , 1999
Témata:
Tagy: Přidat tag
Žádné tagy, Buďte první, kdo otaguje tento záznam!
Thư viện lưu trữ: Thư viện Trường CĐ Kỹ Thuật Cao Thắng
LEADER 00552nam a2200181 a 4500
001 TVCDKTCT2932
003 Thư viện trường Cao đẳng Kỹ thuật Cao Thắng
005 20050906000000
008 050906
980 \ \ |a Thư viện Trường CĐ Kỹ Thuật Cao Thắng 
024 |a RG_1 #1 eb0 i1 
041 0 # |a vie 
082 # # |a 621.2 /   |b OCK200R-h 
100 1 # |a Th Ocker 
245 0 0 |a Hydraulics (Thủy lực học) /  |c Th Ocker 
260 # # |a Denkendorf :  |b Festo Didactic ,  |c 1999 
300 # # |a 67tr. ;  |c 27cm 
650 # 4 |a Thuỷ lực học